000 00677nam a2200229 a 4500
999 _c8191
_d8191
001 8191
003 BD-JhCC
005 20180417082242.0
008 171012s2009 bg |||| ||a| 000 0 ben d
020 _a9847021200221
035 _a(BD-JhCC)8191
040 _aBD-JhCC
_dBD-JhCC
041 _aben
082 _a709.5492
_bISL 2009
100 _aইসলাম, নজরুল
245 _aসমকালীন শিল্প ও শিল্পী /
_cনজরুল ইসলাম
260 _aঢাকা :
_bপাঠক সমাবেশ,
_c2009.
300 _a332 p.;
_c22 cm.
650 _aArt
_zBangladesh
942 _2ddc
_cBK